| 000 | 00645nam a2200217 i 4500 | ||
|---|---|---|---|
| 001 | 102645 | ||
| 003 | ES-MaACL | ||
| 005 | 20250629035205.0 | ||
| 007 | ta | ||
| 008 | 240423s1967 pr a ||||1| spa d | ||
| 040 | _cES-MaACL | ||
| 080 | _a821.134.2(729.5)-14"19" | ||
| 100 | 1 |
_aJoglar Cacho, Manuel, _d1898-1994 _966712 |
|
| 245 | 1 | 3 |
_aLa canción que va contigo / _cManuel Joglar Cacho. |
| 260 |
_aSan Juan, Puerto Rico : _bLa Milagrosa, _c[1967] |
||
| 300 |
_a[72] p. : _bil. ; _c18 cm. |
||
| 852 |
_aES-MaACL _jE-11165 _bR.136863 _9106485 |
||
| 942 | _cMONOGRAFIA | ||
| 999 |
_c102645 _d102645 |
||